<?xml version="1.0" encoding="UTF-8"?>
<record
    xmlns:xsi="http://www.w3.org/2001/XMLSchema-instance"
    xsi:schemaLocation="http://www.loc.gov/MARC21/slim http://www.loc.gov/standards/marcxml/schema/MARC21slim.xsd"
    xmlns="http://www.loc.gov/MARC21/slim">

  <leader>06273nam a2200361 a 4500</leader>
  <controlfield tag="001">000001571</controlfield>
  <controlfield tag="005">20260224094453.0</controlfield>
  <controlfield tag="008">090623s2006    dr            000 0 spa d</controlfield>
  <datafield tag="020" ind1=" " ind2=" ">
    <subfield code="a">9945406337</subfield>
  </datafield>
  <datafield tag="020" ind1=" " ind2=" ">
    <subfield code="a">9789945406337</subfield>
  </datafield>
  <datafield tag="040" ind1=" " ind2=" ">
    <subfield code="a">DO-SdBNP</subfield>
    <subfield code="b">spa</subfield>
    <subfield code="c">BNPHU</subfield>
  </datafield>
  <datafield tag="082" ind1=" " ind2=" ">
    <subfield code="a">323.352</subfield>
    <subfield code="b">S961d</subfield>
  </datafield>
  <datafield tag="100" ind1="1" ind2=" ">
    <subfield code="a">Suriel S&#xE1;nchez, Altagracia</subfield>
    <subfield code="9">5134</subfield>
  </datafield>
  <datafield tag="245" ind1="1" ind2="4">
    <subfield code="a">Los derechos de la ni&#xF1;ez y la adolescencia en el orden internacional :</subfield>
    <subfield code="b">con especial relevancia a la aplicaci&#xF3;n de la Convenci&#xF3;n de 1989 en Am&#xE9;rica Latina y el Caribe /</subfield>
    <subfield code="c">Altagracia Suriel.</subfield>
  </datafield>
  <datafield tag="260" ind1=" " ind2=" ">
    <subfield code="a">Santo Domingo :</subfield>
    <subfield code="b">B&#xFA;ho,</subfield>
    <subfield code="c">2006.</subfield>
  </datafield>
  <datafield tag="300" ind1=" " ind2=" ">
    <subfield code="a">253 p. ;</subfield>
    <subfield code="c">23 cm.</subfield>
  </datafield>
  <datafield tag="490" ind1="1" ind2=" ">
    <subfield code="a">Despacho Primera Dama ;</subfield>
  </datafield>
  <datafield tag="490" ind1="1" ind2=" ">
    <subfield code="a">Temas jur&#xED;dicos ;</subfield>
  </datafield>
  <datafield tag="500" ind1=" " ind2=" ">
    <subfield code="a">Incluye referencias bibliogr&#xE1;ficas y notas al pie de las p&#xE1;ginas</subfield>
  </datafield>
  <datafield tag="500" ind1=" " ind2=" ">
    <subfield code="a">Incluye datos de la autora en las solapas</subfield>
  </datafield>
  <datafield tag="504" ind1=" " ind2=" ">
    <subfield code="a">Incluye referencias bibliogr&#xE1;ficas y notas al pie de las p&#xE1;ginas</subfield>
  </datafield>
  <datafield tag="505" ind1="0" ind2=" ">
    <subfield code="a">Presentaci&#xF3;n -- Introducci&#xF3;n -- Cap&#xED;tulo 1. Los derechos de la ni&#xF1;ez y la adolescencia en el derecho internacional, fundamento, antecedentes y evoluci&#xF3;n.-- 1. Fundamento.-- 2. Antecedentes.-- 3. Evoluci&#xF3;n. Sistemas regionales. Sistema interamericano. Sistema europeo. Sistema de las Naciones Unidas. Principales instrumentos vinculantes. Declaraci&#xF3;n universal de los derechos del ni&#xF1;o de 1959. Declaraci&#xF3;n sobre la protecci&#xF3;n de las mujeres y de los ni&#xF1;os en estados de emergencia y conflicto armado. Declaraci&#xF3;n sobre los principios sociales y jur&#xED;dicos, aplicables a la protecci&#xF3;n y al bienestar de los ni&#xF1;os, principalmente en lo relativo a las pr&#xE1;cticas de adopci&#xF3;n y de emplazamiento familiar en los planos nacional e internacional. Declaraci&#xF3;n mundial sobre la supervivencia, la protecci&#xF3;n y el desarrollo del ni&#xF1;o: reglas y directrices -- Principales normas vinculantes en el marco de los organismos especializados de las Naciones Unidas. Organizaci&#xF3;n Internacional del Trabajo (OIT). Convenio 138. a) Definici&#xF3;n de una pol&#xED;tica nacional. b) Establecimiento de edades m&#xED;nimas. c) Excepciones transitorias. d) Excepciones permanentes. e) Derogaciones individuales. f) Trabajos peligrosos. g) Condiciones de trabajo. h) Medidas de aplicaci&#xF3;n. Convenio -- Sistema de Naciones Unidas: instrumentos vinculantes, la convenci&#xF3;n de 1989: s&#xED;ntesis de la protecci&#xF3;n de la infancia. Antecedentes. Contenido. Pre&#xE1;mbulo. Principios. Derechos consagrados en la convenci&#xF3;n sobre los derechos del ni&#xF1;o. a) Derechos civiles y pol&#xED;ticos. b) Derechos econ&#xF3;micos, sociales y culturales. Medidas de protecci&#xF3;n especial. a) Abusos y negligencias. b) Privaci&#xF3;n de su medio familiar. c) Necesidades especiales: ni&#xF1;os, ni&#xF1;as y adolescentes refugiados. d) Ni&#xF1;os, ni&#xF1;as y adolescentes impedidos. e) Situaciones de explotaci&#xF3;n -- Ratificaciones, reservas, declaraciones y objeciones a la convenci&#xF3;n de 1989.</subfield>
  </datafield>
  <datafield tag="505" ind1="0" ind2=" ">
    <subfield code="a">Reservas y declaraciones. a) Reservas a las disposiciones de la convenci&#xF3;n que son incompatibles con las tradiciones religiosas. b) Reservas a disposiciones que entran en conflicto con la legislaci&#xF3;n interna de los estados. El derecho de los ni&#xF1;os, ni&#xF1;as y adolescentes extranjeros. Derechos de la persona menor de edad pribada de libertad. Derecho de garant&#xED;as judiciales. c) Declaraciones que critican disposiciones de la convenci&#xF3;n que ofrecen menos garant&#xED;as que el derecho interno. Objeciones a las reservas y declaraciones -- Protocolos adicionales de la convenci&#xF3;n sobre los derechos del ni&#xF1;o de 1989. Protocolo facultativo de la convenci&#xF3;n sobre los derechos del ni&#xF1;o relativo a la participaci&#xF3;n de ni&#xF1;os en los conflitos armados. Protocolo facultativo de la convenci&#xF3;n sobre los derechos del ni&#xF1;o relativo a la venta de ni&#xF1;os, la prostituci&#xF3;n infantil y la utilizaci&#xF3;n de los ni&#xF1;os en la pornograf&#xED;a -- Cap&#xED;tulo 2. Un balance de la aplicaci&#xF3;n de los derechos de la ni&#xF1;ez y la adolescencia en Am&#xE9;rica Latina y el Caribe. 1. Comit&#xE9; de los derechos del ni&#xF1;o: su papel en la implementaci&#xF3;n de la convenci&#xF3;n de 1989. 2. Informes de los estados partes y las observaciones, sugerencias y recomendaciones del comit&#xE9;: un balance sobre la aplicaci&#xF3;n de la convenci&#xF3;n en Am&#xE9;rica Latina y el Caribe -- Medidas generales de aplicaci&#xF3;n -- Normas jur&#xED;dicas. a) Definici&#xF3;n de ni&#xF1;o, ni&#xF1;a y adolescente. b) Reconocimiento de los principios y derechos fundamentales reconocidos a la infancia y la adolescencia en la convenci&#xF3;n sobre los derechos del ni&#xF1;o de 1989. Derecho a nombre y nacionalidad. Derecho a la salud. Derecho a la educaci&#xF3;n.</subfield>
  </datafield>
  <datafield tag="505" ind1="0" ind2=" ">
    <subfield code="a">c) Creaci&#xF3;n de sistemas de protecci&#xF3;n encabezados por entes rectores competentes en materia de pol&#xED;ticas p&#xFA;blicas. d) Integran disposiciones del derecho de familia vinculadas a la protecci&#xF3;n de los ni&#xF1;os, ni&#xF1;as y adolescentes. e) Integran la justicia penal de la persona adolescente en conflicto con la ley penal -- Planes de acci&#xF3;n a favor de la infancia y a adolescencia -- Publicidad -- Coordinaci&#xF3;n -- 4. Dificultades en la implementaci&#xF3;n de la convenci&#xF3;n en Am&#xE9;rica Latina y el Caribe. Escasez de recursos econ&#xF3;micos. La violencia, abuso y secuelas de reg&#xED;menes dictatoriales. Diferencia entre las leyes aprobadas para aplicar la Convenci&#xF3;n y su aplicaci&#xF3;n en la pr&#xE1;ctica. Derechos que plantean problemas en su disfrute. Derecho a la vida, a la supervivencia y al desarrollo. Derecho a no ser discriminado o discriminada. a) Discriminaci&#xF3;n a ni&#xF1;os, ni&#xF1;as y adolescentes ind&#xED;genas.b) Ni&#xF1;as. c) Discriminaci&#xF3;n contra migrantes, minor&#xED;as &#xE9;tnicas, desplazados y desplazadas. Derecho a un nombre y una nacionalidad. Derecho a la salud, derecho a la educaci&#xF3;n. Derecho a la protecci&#xF3;n contra la explotaci&#xF3;n econ&#xF3;mica y sexual. La administraci&#xF3;n de justicia penal de la persona adolescente en conflicto con la ley -- Consideraciones finales -- Bibliograf&#xED;a -- Anexos.</subfield>
  </datafield>
  <datafield tag="590" ind1=" " ind2=" ">
    <subfield code="a">Inventariado, 2018/BT</subfield>
  </datafield>
  <datafield tag="650" ind1=" " ind2="0">
    <subfield code="a">Derechos del ni&#xF1;o </subfield>
    <subfield code="9">5135</subfield>
  </datafield>
  <datafield tag="650" ind1=" " ind2="4">
    <subfield code="a">Derechos humanos</subfield>
    <subfield code="z">Am&#xE9;rica Latina</subfield>
    <subfield code="9">5136</subfield>
  </datafield>
  <datafield tag="650" ind1=" " ind2="4">
    <subfield code="a">Ni&#xF1;os (derecho internacional)</subfield>
    <subfield code="9">5137</subfield>
  </datafield>
  <datafield tag="650" ind1=" " ind2="4">
    <subfield code="a">Ni&#xF1;os</subfield>
    <subfield code="x">Situaci&#xF3;n legal</subfield>
    <subfield code="9">5138</subfield>
  </datafield>
  <datafield tag="650" ind1=" " ind2="4">
    <subfield code="a">Adolescencia (derecho internacional)</subfield>
    <subfield code="9">5139</subfield>
  </datafield>
  <datafield tag="830" ind1=" " ind2="0">
    <subfield code="a">Despacho Primera Dama ;</subfield>
    <subfield code="p">Temas jur&#xED;dicos</subfield>
    <subfield code="9">5140</subfield>
  </datafield>
  <datafield tag="910" ind1=" " ind2=" ">
    <subfield code="a">Validado. Control de calidad. MFF</subfield>
  </datafield>
  <datafield tag="952" ind1=" " ind2=" ">
    <subfield code="0">0</subfield>
    <subfield code="1">0</subfield>
    <subfield code="7">1</subfield>
    <subfield code="8">PD</subfield>
    <subfield code="a">PD</subfield>
    <subfield code="b">PD</subfield>
    <subfield code="c">HD</subfield>
    <subfield code="d">2009-09-11</subfield>
    <subfield code="i">LF1</subfield>
    <subfield code="l">0</subfield>
    <subfield code="o">323.352 S961d</subfield>
    <subfield code="p">1571-10</subfield>
    <subfield code="r">2020-06-25</subfield>
    <subfield code="w">2020-06-25</subfield>
    <subfield code="y">LFPD</subfield>
    <subfield code="Z">No se presta</subfield>
  </datafield>
  <datafield tag="952" ind1=" " ind2=" ">
    <subfield code="0">0</subfield>
    <subfield code="1">0</subfield>
    <subfield code="7">1</subfield>
    <subfield code="8">PD</subfield>
    <subfield code="a">PD</subfield>
    <subfield code="b">PD</subfield>
    <subfield code="c">HD</subfield>
    <subfield code="d">2009-09-11</subfield>
    <subfield code="i">LF1</subfield>
    <subfield code="l">0</subfield>
    <subfield code="o">323.352 S961d</subfield>
    <subfield code="p">1571-20</subfield>
    <subfield code="r">2020-06-25</subfield>
    <subfield code="t">e. 2</subfield>
    <subfield code="w">2020-06-25</subfield>
    <subfield code="y">LFPD</subfield>
    <subfield code="Z">No se presta</subfield>
  </datafield>
  <datafield tag="999" ind1=" " ind2=" ">
    <subfield code="c">1468</subfield>
    <subfield code="d">1468</subfield>
  </datafield>
</record>
